01085nab a22002177a 4500999001500000003000400015005001700019008004100036040000700077100003400084245011800118260007200236300001300308505023700321505008900558650002300647650002400670650003300694773012700727942001300854 c6075d6075OSt20260121180604.0190502c xxu||||| |||| 00| 0 spa d cPJ 96850aChiaradia, Juan Manuel 10aUn marco de interpretación restrictivo : bcrítica al caso “Cochran” de la CIDH /cJuan Manuel Chiaradia. aCiudad Autónoma de Buenos Aires :bThomson Reuters La Ley,c2024. ap. 64-74 aSumario: I. Introducción.— II. Algunas nociones básicas sobre la garantía de la imparcialidad.— III. Las particularidades del caso “Cochran”.— IV. Críticas al estándar del caso “Cochran”.— V. Conclusiones  t¿Te interesa el texto completo? Solicitalo al correo: koha@justierradelfuego.gov.ar 09343aDERECHO PENAL 092348aPROCESO PENAL 094474aDEBER DE IMPARCIALIDAD0 0272993180dBuenos Aires : LexisNexis, 2006-tRevista de derecho penal y procesal penal. Nº 2 - Febrero 2024z9875920622 2udccANA